La verdad, las confesiones judiciales y la memoria del conflicto en el proceso de justicia transicional de Colombia / (Registro nro. 172863)
[ vista simple ]
| 000 -LEADER | |
|---|---|
| fixed length control field | 01341nam a22003491i 4500 |
| 001 - CONTROL NUMBER | |
| control field | bslw10064050 |
| 006 - FIXED-LENGTH DATA ELEMENTS--ADDITIONAL MATERIAL CHARACTERISTICS--GENERAL INFORMATION | |
| fixed length control field | m o d |
| 007 - PHYSICAL DESCRIPTION FIXED FIELD--GENERAL INFORMATION | |
| fixed length control field | cr un ---uuuua |
| 008 - FIXED-LENGTH DATA ELEMENTS--GENERAL INFORMATION | |
| fixed length control field | 230628s2022 ck ob 000 0 spa d |
| 020 ## - INTERNATIONAL STANDARD BOOK NUMBER | |
| International Standard Book Number | 9789587915082 |
| 035 ## - | |
| -- | 38544 |
| 040 ## - CATALOGING SOURCE | |
| Original cataloging agency | UtOrBLW |
| Language of cataloging | eng |
| Description conventions | rda |
| Transcribing agency | UtOrBLW |
| 043 ## - | |
| -- | s-ck--- |
| 050 #4 - | |
| -- | KHH3032 |
| -- | .B46 2022 |
| 082 04 - | |
| -- | 345.86105046 |
| -- | 23 |
| 100 1# - MAIN ENTRY--PERSONAL NAME | |
| Personal name | Benavides Vanegas, Farid Samir, |
| Relator term | author. |
| 245 13 - TITLE STATEMENT | |
| Title | La verdad, las confesiones judiciales y la memoria del conflicto en el proceso de justicia transicional de Colombia / |
| Statement of responsibility, etc | Farid Samir Benavides Vanegas, Phd (Profesor e Investigador Asociado Facultad de Derecho Universidad Católica de Colombia). |
| 264 #1 - | |
| -- | Bogotá, Colombia : |
| -- | Grupo Editorial Ibáñez, |
| -- | [2022] |
| 300 ## - PHYSICAL DESCRIPTION | |
| Extent | 1 online resource (313 pages) |
| 336 ## - | |
| -- | text |
| -- | txt |
| -- | rdacontent |
| 337 ## - | |
| -- | computer |
| -- | c |
| -- | rdamedia |
| 338 ## - | |
| -- | online resource |
| -- | cr |
| -- | rdacarrier |
| 490 0# - SERIES STATEMENT | |
| Series statement | Colección Libros resultado de investigación. Serie Summa ; |
| Volume number/sequential designation | 7 |
| 504 ## - BIBLIOGRAPHY, ETC. NOTE | |
| Bibliography, etc | Includes bibliographical references. |
| 650 #0 - SUBJECT ADDED ENTRY--TOPICAL TERM | |
| Topical term or geographic name as entry element | Transitional justice |
| Geographic subdivision | Colombia. |
| 650 #0 - SUBJECT ADDED ENTRY--TOPICAL TERM | |
| Topical term or geographic name as entry element | War. |
| 650 #0 - SUBJECT ADDED ENTRY--TOPICAL TERM | |
| Topical term or geographic name as entry element | Peace-building |
| Geographic subdivision | Colombia. |
| 651 #0 - SUBJECT ADDED ENTRY--GEOGRAPHIC NAME | |
| Geographic name | Colombia |
| General subdivision | Politics and government |
| Chronological subdivision | 1974- |
| 856 40 - LOCALIZACIÓN Y ACCESO ELECTRÓNICO | |
| Identificador Uniforme del Recurso (URI/URL) | https://app.vlex.com/#/sources/38544 |
| 942 ## - | |
| -- | RAA |
| 999 ## - | |
| -- | 172863 |
| -- | 172863 |
No hay ítems disponibles.